<?xml version="1.0" encoding="UTF-8"?>
<collection xmlns="http://www.loc.gov/MARC21/slim">
<record>
  <controlfield tag="001">120052</controlfield>
  <controlfield tag="005">20241125101125.0</controlfield>
  <datafield tag="024" ind1="7" ind2=" ">
    <subfield code="2">doi</subfield>
    <subfield code="a">10.3916/C74-2023-10</subfield>
  </datafield>
  <datafield tag="024" ind1="8" ind2=" ">
    <subfield code="2">sideral</subfield>
    <subfield code="a">130198</subfield>
  </datafield>
  <datafield tag="037" ind1=" " ind2=" ">
    <subfield code="a">ART-2023-130198</subfield>
  </datafield>
  <datafield tag="041" ind1=" " ind2=" ">
    <subfield code="a">spa</subfield>
  </datafield>
  <datafield tag="100" ind1=" " ind2=" ">
    <subfield code="a">Lozano-Blasco, Raquel</subfield>
    <subfield code="u">Universidad de Zaragoza</subfield>
    <subfield code="0">(orcid)0000-0002-0100-1449</subfield>
  </datafield>
  <datafield tag="245" ind1=" " ind2=" ">
    <subfield code="a">Redes sociales y su influencia en los jóvenes y niños: Análisis en Instagram, Twitter y YouTube</subfield>
  </datafield>
  <datafield tag="260" ind1=" " ind2=" ">
    <subfield code="c">2023</subfield>
  </datafield>
  <datafield tag="506" ind1="0" ind2=" ">
    <subfield code="a">Access copy available to the general public</subfield>
    <subfield code="f">Unrestricted</subfield>
  </datafield>
  <datafield tag="520" ind1="3" ind2=" ">
    <subfield code="a">Las redes sociales son un nuevo ecosistema de relaciones sociales en el que los adolescentes siguen a personajes públicos o «influencers»: «instagramers», «twitteros» y «youtubers». Su comportamiento en los posts que publican se convierte en una tendencia y un modelo para las nuevas generaciones. Para profundizar en estos comportamientos y sus consecuencias, resulta de utilidad estudiar el comportamiento de los 10 «instagramers», 10 «twitteros» y 10 «youtubers» con mayor número de seguidores en el mundo mediante sus publicaciones (300 post con mayor cantidad de likes). Se empleó un método mixto, combinando: la metodología de análisis de medios sociales (SNA) ejecutada mediante la monitorización de cuentas de Twitter, Instagram y YouTube. Se empleó el instrumento de FanapageKarma para captar los datos aplicando técnicas de minería de datos. Posteriormente, se realizó un análisis de sentimiento mediante el software «Meaning Cloud», este determinó el análisis de la polaridad de los sentimientos de forma cuantitativa. Finalmente, se realizó un análisis semántico de los contenidos mediante Nvivo. Los resultados de la multirregresión y el análisis de sentimientos muestran claras diferencias entre las redes sociales. Twitter es un espacio de análisis crítico de la información y de los movimientos sociales, especialmente del cambio climático. En este espacio los adolescentes defienden sus valores e ideología. Instagram es un escaparate de moda y belleza, donde las marcas apoyan un estilo de vida idealizado y deseable. YouTube es un espacio para el entretenimiento y la comedia. Se concluye que a pesar de sus diferencias hay una característica unívoca, el esfuerzo de los «influencers» por captar audiencias y establecer relaciones parasociales.

Social networking sites are a new ecosystem of social relations in which adolescents follow public figures or influencers: instagrammers, tweeters and youtubers. Their behaviour in the posts they publish become a trend and a model for the new generations. In order to explore these behaviours and their consequences, it is useful to study the behaviour of the 10 instagramers, 10 tweeters and 10 youtubers with the largest number of followers in the world. A mixed method was employed, combining: social media analysis (SNA) methodology executed by monitoring Twitter, Instagram and YouTube accounts and their publications (300 posts with the highest number of likes). The FanapageKarma tool was used to capture data by applying data mining techniques. Subsequently, sentiment analysis was performed using Meaning Cloud software, determining sentiment polarity analysis quantitatively. Finally, a semantic analysis of the content was performed using Nvivo. The results of multi-regression and sentiment’s analysis show clear differences between social networking sites. Twitter is a space for critical analysis of information and social movements, especially climate change. In this space adolescents defend their values and ideology. Instagram is a showcase for fashion and beauty, where brands support an idealised and desirable lifestyle. YouTube is a space for entertainment and comedy. It concludes that despite their differences there is one univocal feature, the effort of influencers to capture audiences and establish parasocial relationships.</subfield>
  </datafield>
  <datafield tag="540" ind1=" " ind2=" ">
    <subfield code="9">info:eu-repo/semantics/openAccess</subfield>
    <subfield code="a">by-nc</subfield>
    <subfield code="u">http://creativecommons.org/licenses/by-nc/3.0/es/</subfield>
  </datafield>
  <datafield tag="590" ind1=" " ind2=" ">
    <subfield code="a">5.1</subfield>
    <subfield code="b">2023</subfield>
  </datafield>
  <datafield tag="591" ind1=" " ind2=" ">
    <subfield code="a">EDUCATION &amp; EDUCATIONAL RESEARCH</subfield>
    <subfield code="b">13 / 760 = 0.017</subfield>
    <subfield code="c">2023</subfield>
    <subfield code="d">Q1</subfield>
    <subfield code="e">T1</subfield>
  </datafield>
  <datafield tag="591" ind1=" " ind2=" ">
    <subfield code="a">COMMUNICATION</subfield>
    <subfield code="b">10 / 228 = 0.044</subfield>
    <subfield code="c">2023</subfield>
    <subfield code="d">Q1</subfield>
    <subfield code="e">T1</subfield>
  </datafield>
  <datafield tag="592" ind1=" " ind2=" ">
    <subfield code="a">1.147</subfield>
    <subfield code="b">2023</subfield>
  </datafield>
  <datafield tag="593" ind1=" " ind2=" ">
    <subfield code="a">Education</subfield>
    <subfield code="c">2023</subfield>
    <subfield code="d">Q1</subfield>
  </datafield>
  <datafield tag="593" ind1=" " ind2=" ">
    <subfield code="a">Cultural Studies</subfield>
    <subfield code="c">2023</subfield>
    <subfield code="d">Q1</subfield>
  </datafield>
  <datafield tag="593" ind1=" " ind2=" ">
    <subfield code="a">Communication</subfield>
    <subfield code="c">2023</subfield>
    <subfield code="d">Q1</subfield>
  </datafield>
  <datafield tag="594" ind1=" " ind2=" ">
    <subfield code="a">10.1</subfield>
    <subfield code="b">2023</subfield>
  </datafield>
  <datafield tag="655" ind1=" " ind2="4">
    <subfield code="a">info:eu-repo/semantics/article</subfield>
    <subfield code="v">info:eu-repo/semantics/publishedVersion</subfield>
  </datafield>
  <datafield tag="700" ind1=" " ind2=" ">
    <subfield code="a">Mira-Aladrén, Marta</subfield>
    <subfield code="u">Universidad de Zaragoza</subfield>
    <subfield code="0">(orcid)0000-0002-6088-0324</subfield>
  </datafield>
  <datafield tag="700" ind1=" " ind2=" ">
    <subfield code="a">Gil-Lamata, Mercedes</subfield>
    <subfield code="u">Universidad de Zaragoza</subfield>
    <subfield code="0">(orcid)0000-0002-1816-5394</subfield>
  </datafield>
  <datafield tag="710" ind1="2" ind2=" ">
    <subfield code="1">4012</subfield>
    <subfield code="2">650</subfield>
    <subfield code="a">Universidad de Zaragoza</subfield>
    <subfield code="b">Dpto. Direcc.Organiza.Empresas</subfield>
    <subfield code="c">Área Organización de Empresas</subfield>
  </datafield>
  <datafield tag="710" ind1="2" ind2=" ">
    <subfield code="1">4009</subfield>
    <subfield code="2">740</subfield>
    <subfield code="a">Universidad de Zaragoza</subfield>
    <subfield code="b">Dpto. Psicología y Sociología</subfield>
    <subfield code="c">Área Psicología Social</subfield>
  </datafield>
  <datafield tag="710" ind1="2" ind2=" ">
    <subfield code="1">4009</subfield>
    <subfield code="2">735</subfield>
    <subfield code="a">Universidad de Zaragoza</subfield>
    <subfield code="b">Dpto. Psicología y Sociología</subfield>
    <subfield code="c">Área Psicolog.Evolut.Educac</subfield>
  </datafield>
  <datafield tag="773" ind1=" " ind2=" ">
    <subfield code="g">31, 74 (2023), [13 pp.]</subfield>
    <subfield code="p">Comunicar</subfield>
    <subfield code="t">Comunicar</subfield>
    <subfield code="x">1134-3478</subfield>
  </datafield>
  <datafield tag="856" ind1="4" ind2=" ">
    <subfield code="s">8335723</subfield>
    <subfield code="u">http://zaguan.unizar.es/record/120052/files/texto_completo.pdf</subfield>
    <subfield code="y">Versión publicada</subfield>
  </datafield>
  <datafield tag="856" ind1="4" ind2=" ">
    <subfield code="s">3571958</subfield>
    <subfield code="u">http://zaguan.unizar.es/record/120052/files/texto_completo.jpg?subformat=icon</subfield>
    <subfield code="x">icon</subfield>
    <subfield code="y">Versión publicada</subfield>
  </datafield>
  <datafield tag="909" ind1="C" ind2="O">
    <subfield code="o">oai:zaguan.unizar.es:120052</subfield>
    <subfield code="p">articulos</subfield>
    <subfield code="p">driver</subfield>
  </datafield>
  <datafield tag="951" ind1=" " ind2=" ">
    <subfield code="a">2024-11-22-11:57:34</subfield>
  </datafield>
  <datafield tag="980" ind1=" " ind2=" ">
    <subfield code="a">ARTICLE</subfield>
  </datafield>
</record>
</collection>